01552nlm0 22002531i 450 001001200000010001600012100003900028101000600067102000600073105001600079135001600095200012000111210004100231215000900272230002300281301001300304305005600317330051900373336007500892700002000967856009000987856011401077856010701191HARMA 18354a9782296369245a20260606d2004 u y0frea0103 baafreafrea z 001z adrun nnnauauaaSur les pas des derniers attelages - Le Trésor de la vallée de la Misèreb[Ressource électronique]fGilbert VareillasaPariscEditions L'Harmattand2004a104 p.a[Données textuelles]a274756908XaVersion électronique de l'édition papier : 274756908XaQuelques années après la Seconde Guerre Mondiale, dans les campagnes vallonnées d'Ile de France, la vie rurale d'autrefois continuait. Jusqu'au jour où la force tranquille des attelages a été remplacée par les tracteurs. A partir de ce qui a paru, sur le moment, une simple adaptation technique, tout a profondément changé. Vous qui voulez savoir ce que furent, ancrées dans une nature plus riche qu'aujourd'hui, des vies simples et laborieuses, leurs joies et leurs peines, ouvrez ce livre.aType de ressource électronique : données textuelles et iconographiquesaGilbert Vareillas40uhttps://www.editions-harmattan.fr/catalogue/couv/274756908Xr.jpg2Image de couverture40uhttps://www.harmatheque.com/downloadebook/274756908XzAccès après authentification2Télécharger au format PDF40uhttps://www.harmatheque.com/readebook/274756908XzAccès après authentification2Lire ce livre en ligne